Nihon senji keizai kenkyū,

Saved in:
Bibliographic Details
Other Authors: Iwasaki, Matsuyoshi, (ed.), Hosono, Kōichi, 1903- (ed.)
Format: Book
Language:Japanese
Published: Tōkyō, Itō Shoten [Shōwa 17 i.e. 1942]
Subjects:
Tags: Add Tag
No Tags, Be the first to tag this record!
LEADER 00979cam a2200265 4500
001 007764346-1
005 20024617115958.0
008 900927s1942 ja a 000 0 jpn
010 |a 73820350 /J 
035 0 |a ocm22442778 
040 |a DLC  |c WaU  |d *YNH*  |d CStRLIN 
050 0 |a HC462.8  |b .N5326 
245 0 0 |6 880-01  |a Nihon senji keizai kenkyū,  |c Iwasaki Matsuyoshi, Hosono Kōichi henshū. 
260 |6 880-02  |a Tōkyō,  |b Itō Shoten  |c [Shōwa 17 i.e. 1942] 
300 |a 1 v. (various pagings)  |b illus.  |c 22 cm. 
651 0 |a Japan  |x Economic policy. 
650 0 |a World War, 1939-1945  |x Economic aspects  |z Japan. 
700 1 |6 880-03  |a Iwasaki, Matsuyoshi,  |e ed. 
700 1 |6 880-04  |a Hosono, Kōichi,  |d 1903-  |e ed. 
880 0 0 |6 245-01  |a 日本戰時經濟硏究,  |c 岩崎松義, 細野孝一編輯. 
880 |6 260-02  |a 東京,  |b 伊藤書店  |c [昭和17 i.e. 1942] 
880 1 |6 700-03  |a 岩崎松義,  |e ed. 
880 1 |6 700-04  |a 細野孝一,  |d 1903-  |e ed. 
988 |a 20021214 
906 |0 DLC